Симметрия природы и природа симметрии: философские и естественнонаучные аспекты

Dades bibliogràfiques
Autor principal: Урманцев Ю. А. Юнир Абдуллович
Idioma:rus
Publicat: Москва, Мысль, 1974
Matèries:
Format: MixedMaterials Llibre
KOHA link:https://koha.lib.tpu.ru/cgi-bin/koha/opac-detail.pl?biblionumber=192318

MARC

LEADER 00000nam0a2200000 4500
001 192318
005 20231031181201.0
035 |a (RuTPU)RU\TPU\book\209704 
090 |a 192318 
100 |a 20110222d1974 km y0rusy50 ca 
101 0 |a rus 
102 |a RU 
105 |a y z 000zy 
200 1 |a Симметрия природы и природа симметрии  |e философские и естественнонаучные аспекты  |f Ю. А. Урманцев 
210 |a Москва  |c Мысль  |d 1974 
215 |a 230 с. 
610 1 |a симметрия 
610 1 |a природа 
610 1 |a философские аспекты 
610 1 |a естественнонаучные аспекты 
610 1 |a теория систем 
610 1 |a построение 
610 1 |a противоположности 
610 1 |a биосимметрия 
675 |a 5:1  |v 3 
700 1 |a Урманцев  |b Ю. А.  |g Юнир Абдуллович 
801 1 |a RU  |b 63413507  |c 20110222 
801 2 |a RU  |b 63413507  |c 20161201  |g RCR 
942 |c BK